zpět

Detail výsledku týmu

Na Rybníčku, Opava

Datum a čas kvízu

22.5 Celkem bodů Celkový počet nahraných bodů na tomto kvízu bez doplňovacích otázek.
8. Pořadí na kvízu Konečné umístění týmu na tomto kvízu.

Zaznamenané odpovědi

# Otázka Odpověď Body Výsledky
1. Ve svatovítské katedrále se v... Petr Fiala 0
2. Minulý týden se na internetu o... vysokozdvižný vozík (ještěrku) 0
3. V noci ze středy na čtvrtek by... Jimmy Kimmel 1
4. Finská firma Bluefors uzavřela... na Měsíci 0
5. V neděli začalo mistrovství sv... ve Rwandě 1
6. Ve spolupráci s Radou Evropy j... 1B 2D 3A 4C 1
7. Pokud vám prozradíme, že červe... július 1
8. Jak se jmenuje autonomní oblas... Vojvodina 0
9. Která z těchto knih nebyla nap... A 1
10. Pozoruhodným jazykem je velšti... křeček 0